Shape grammars and their uses. Artificial perception, shape generation and computer aesthetics /

Gespeichert in:
Bibliographische Detailangaben
1. Verfasser: Gips, James (Verfasst von)
Format: Buch
Sprache:Englisch
Veröffentlicht: Basel : Birkhäuser, 1975
Schriftenreihe:Interdisciplinary Systems Research 10
Tags: Tag hinzufügen
Keine Tags, Fügen Sie das erste Tag hinzu!

MARC

LEADER 00000nam a22000003a 4500
001 stu583
005 20150617225618.0
008 910611s1975----gw------------------eng-d
040 |a STU  |b slo 
041 0 |a eng 
044 |a gw 
080 |a 681.3.04 
100 1 |a Gips, James  |4 aut 
245 1 |a Shape grammars and their uses. Artificial perception, shape generation and computer aesthetics /  |c [aut.] Gips,James 
260 |a Basel :  |b Birkhäuser,  |c 1975 
300 |a 241 s 
830 0 |a Interdisciplinary Systems Research  |v 10 
996 |c I*4470  |l II680  |s A  |a 24  |w stu583_0001